Most Populous Cities In Wyoming - Statistics

General Stats
  • This quiz has been taken 30 times
  • The average score is 9 of 20
Answer Stats
Hint Answer % Correct
C Cheyenne
96%
C Casper
92%
L Laramie
88%
G Gillette
71%
C Cody
58%
R Rock Springs
58%
J Jackson
54%
G Green River
42%
R Riverton
42%
S Sheridan
42%
W Worland
42%
E Evanston
38%
R Rawlins
38%
B Buffalo
33%
L Lander
33%
T Torrington
29%
W Wheatland
29%
P Powell
25%
M Mills
13%
D Douglass
4%
No matching quizzes found
Score Distribution
Percent of People with Each Score
Percentile by Number Answered
Your Score History
You have not taken this quiz